| 000 | 00654 a2200193 4500 | ||
|---|---|---|---|
| 001 | 134411 | ||
| 003 | OSt | ||
| 005 | 20210922120039.0 | ||
| 008 | |||
| 020 | _a8170557089 | ||
| 082 |
_a792.0954 _bT73B |
||
| 100 | 1 | _aत्रिपाठी, वशिष्ठनारायण | |
| 245 | 1 |
_aभारतीय लोकनाट्य _cby वशिष्ठनारायण त्रिपाठी |
|
| 260 |
_aनई दिल्ली _bवाणी प्रकाशन _c2011 |
||
| 300 | _a141p. | ||
| 630 | _aहिन्दी साहित्य | ||
| 690 | _aLoknatya -- India | ||
| 942 |
_2ddc _cBK |
||
| 999 |
_c8024 _d8024 |
||